[Event "only under 2200 points (6 players)"]
[Site "SchemingMind.com"]
[Date "2017.09.16"]
[Round "-"]
[White "ray winteringham"]
[Black "Nouveau L"]
[Result "0-1"]
[WhiteCountry "ENG"]
[BlackCountry "FRA"]
[WhiteElo "1490"]
[WhiteRD "53"]
[BlackElo "1812"]
[BlackRD "142"]
[GameID "418660"]

1. e4 c5 2. Nf3 d6 3. d4 cxd4 4. Nxd4 Nf6 5. f3 e5 6. Bb5+ Nbd7 7. Be3 exd4 8. Bxd4 Be7 9. Nc3 O-O 10. Qe2 a6
11. Bd3 Qc7 12. O-O b5 13. Rab1 Bb7 14. a3 Rfe8 15. Qf2 d5 16. Rbc1 dxe4 17. fxe4 Ne5 18. Qf5 Neg4 19. g3 Rad8 20. Bxf6 Bc5+
0-1

[Event "only under 2200 points (6 players)"]
[Site "SchemingMind.com"]
[Date "2017.09.15"]
[Round "-"]
[White "Nouveau L"]
[Black "ray winteringham"]
[Result "1-0"]
[WhiteCountry "FRA"]
[BlackCountry "ENG"]
[WhiteElo "1812"]
[WhiteRD "142"]
[BlackElo "1490"]
[BlackRD "53"]
[GameID "418661"]

1. d4 d5 2. c4 e6 3. Nf3 Nf6 4. Nc3 c6 5. e3 Bb4 6. Bd3 Bd7 7. Qb3 Qa5 8. O-O b6 9. Bd2 Bxc3 10. Bxc3 Qa6
11. Bb4 dxc4 12. Bxc4 b5 13. Bd3 Nd5 14. a4 Qb7 15. Bd6 f5 16. e4 g6 17. exd5 exd5 18. Ng5 Bc8 19. Rfe1+ Kd7 20. Re7+
1-0

[Event "only under 2200 points (6 players)"]
[Site "SchemingMind.com"]
[Date "2017.09.27"]
[Round "-"]
[White "Scooter"]
[Black "ray winteringham"]
[Result "0-1"]
[WhiteCountry "USA"]
[BlackCountry "ENG"]
[WhiteElo "1667"]
[WhiteRD "56"]
[BlackElo "1535"]
[BlackRD "53"]
[GameID "419043"]

1. d4 d5 2. Nf3 Nf6 3. Bf4 e6 4. e3 Bd6 5. Bxd6 Qxd6 6. c3 Nc6 7. Bb5 Bd7 8. Bxc6 Bxc6 9. O-O b6 10. Nbd2 Bb7
11. Re1 O-O-O 12. Qc2 Kb8 13. Ne5 Rdf8 14. c4 Nd7 15. Nxd7+ Qxd7 16. c5 b5 17. Rac1 Qc6 18. b4 e5 19. Nf3 f6 20. dxe5 d4
21. exd4 fxe5 22. Rxe5 Rxf3 23. gxf3 Qxf3 24. Kf1 Qh1+= 25. Ke2 Qf3+ 26. Kd2 Qxf2+ 27. Kc3 Qf3+ 28. Qd3 Qf4 29. Qxb5 Qxc1+
0-1

[Event "only under 2200 points (6 players)"]
[Site "SchemingMind.com"]
[Date "2017.09.27"]
[Round "-"]
[White "ray winteringham"]
[Black "Scooter"]
[Result "0-1"]
[WhiteCountry "ENG"]
[BlackCountry "USA"]
[WhiteElo "1535"]
[WhiteRD "53"]
[BlackElo "1667"]
[BlackRD "56"]
[GameID "419044"]

1. e4 c6 2. d4 d5 3. e5 Bf5 4. Nf3 e6 5. Bd3 Bxd3 6. Qxd3 Nd7 7. Bf4 c5 8. Nbd2 cxd4 9. Qxd4 Bc5 10. Qd3 Qb6
11. Be3 Bxe3 12. fxe3 Ne7 13. b3 Nc6 14. O-O Ndxe5 15. Qe2 O-O 16. Rab1 Ng4 17. Rbe1 Nb4 18. Rc1 Nxa2 19. Nd4 Ne5 20. c4 dxc4
21. Nxc4 Nxc4 22. Qxc4 Nxc1 23. Qxc1 e5 24. Nf3 Qxb3 25. Nxe5 Rfe8 26. Nxf7 Qxe3+ 27. Qxe3 Rxe3 28. Nd6 b6 29. Kf2 Rd3 30. Nf5 g6
31. Ke2 Ra3 32. Ne7+ Kg7 33. Rc1 Ra2+ 34. Kf1 Rf8+ 35. Kg1 Rff2 36. Kh1 Rxg2 37. Nd5 Rxh2+ 38. Kg1 Rag2+ 39. Kf1 Rd2 40. Ne3 Rh1#
0-1

[Event "only under 2200 points (6 players)"]
[Site "SchemingMind.com"]
[Date "2017.09.28"]
[Round "-"]
[White "Scooter"]
[Black "Nouveau L"]
[Result "0-1"]
[WhiteCountry "USA"]
[BlackCountry "FRA"]
[WhiteElo "1667"]
[WhiteRD "56"]
[BlackElo "2058"]
[BlackRD "102"]
[GameID "419045"]

1. d4 d5 2. Nf3 Nf6 3. Bf4 c5 4. e3 Nc6 5. c3 Qb6 6. Qb3 c4 7. Qxb6 axb6 8. Be2 Bf5 9. O-O e6 10. Nbd2 b5
11. b3 Ba3
0-1

[Event "only under 2200 points (6 players)"]
[Site "SchemingMind.com"]
[Date "2017.09.28"]
[Round "-"]
[White "Nouveau L"]
[Black "Scooter"]
[Result "1-0"]
[WhiteCountry "FRA"]
[BlackCountry "USA"]
[WhiteElo "2058"]
[WhiteRD "102"]
[BlackElo "1667"]
[BlackRD "56"]
[GameID "419046"]

1. e4 Nc6 2. Nf3 d6 3. d4 Bg4 4. Bb5 a6 5. Bxc6+ bxc6 6. h3 Bxf3 7. Qxf3 h6 8. O-O Nf6 9. e5 Nd5 10. c4 Nb4
11. a3 Nc2 12. Qxc6+ Qd7 13. Qxa8+ Qd8 14. Qxa6 Nxa1 15. Nc3 Nc2 16. Qa4+
1-0

[Event "only under 2200 points (6 players)"]
[Site "SchemingMind.com"]
[Date "2017.10.18"]
[Round "-"]
[White "Scooter"]
[Black "Transcendent"]
[Result "0-1"]
[WhiteCountry "USA"]
[BlackCountry "ENG"]
[WhiteElo "1685"]
[WhiteRD "55"]
[BlackElo "1674"]
[BlackRD "72"]
[GameID "419700"]

1. d4 d5 2. Nf3 Nf6 3. Bf4 c5 4. c3 Qb6 5. Qb3 Nc6 6. Nbd2 c4 7. Qxb6 axb6 8. e3 b5 9. Be2 Bf5 10. O-O e6
11. h3 b4 12. cxb4 Bxb4 13. a3 Be7 14. Nb1 O-O 15. Nc3 Ne4 16. Nxe4 Bxe4 17. Rfc1 Na5 18. Nd2 Bg6 19. Bd1 Bd3 20. Bc2 Bxc2
21. Rxc2 b5 22. Bc7 Nc6 23. Bb6 b4 24. Bc5 Bxc5 25. dxc5 bxa3 26. Rxa3 Rxa3 27. bxa3 Ra8 28. Nb1 Ra5 29. Rb2 g5 30. Rb6 Ne5
31. c6 Rc5 32. Rb8+ Kg7 33. f4 gxf4 34. exf4 c3 35. Nxc3 Rxc3 36. fxe5 Rxc6 37. Ra8 f6 38. Ra7+ Kg6 39. exf6 Kxf6 40. Rxh7 Ra6
41. Rh6+ Ke5 42. h4 Rxa3 43. h5 d4 44. Rh8 Kf6 45. Kf2 e5 46. Rg8 Ra7 47. Rg6+ Kf5 48. g4+ Kf4 49. h6 d3 50. Rg7 Ra2+
51. Ke1 Rh2 52. h7 e4 53. Re7 Ke3 54. Rf7 Rh1+ 55. Rf1 d2+
0-1

[Event "only under 2200 points (6 players)"]
[Site "SchemingMind.com"]
[Date "2017.10.18"]
[Round "-"]
[White "Transcendent"]
[Black "Scooter"]
[Result "1-0"]
[WhiteCountry "ENG"]
[BlackCountry "USA"]
[WhiteElo "1619"]
[WhiteRD "70"]
[BlackElo "1667"]
[BlackRD "56"]
[GameID "419701"]

1. d4 Nf6 2. c4 g6 3. g3 Bg7 4. Bg2 O-O 5. Nc3 c6 6. Nf3 d5 7. cxd5 cxd5 8. O-O Bg4 9. Nd2 a6 10. h3 Bf5
11. Qb3 b5 12. Nxd5 Be6 13. Nxf6+ Bxf6 14. Qd3 Bd5 15. e4 Bb7 16. d5 Nc6 17. Nf3 e6 18. Rd1 exd5 19. exd5 Nb4 20. Qd2 Nxd5
21. Qe2 Re8 22. Qf1 Qc7 23. Bg5 Bxb2 24. Rab1 Bg7 25. Nh4 Nc3 26. Rbc1 Ne2+ 27. Kh2 Nxc1 28. Rxc1 Qa5 29. Bxb7
1-0

[Event "only under 2200 points (6 players)"]
[Site "SchemingMind.com"]
[Date "2017.10.19"]
[Round "-"]
[White "Transcendent"]
[Black "ray winteringham"]
[Result "1-0"]
[WhiteCountry "ENG"]
[BlackCountry "ENG"]
[WhiteElo "1619"]
[WhiteRD "70"]
[BlackElo "1535"]
[BlackRD "53"]
[GameID "419702"]

1. d4 d5 2. c4 e6 3. Nf3 c5 4. cxd5 exd5 5. Nc3 c4 6. Bf4 Bb4 7. e3 Be6 8. Be2 Ne7 9. O-O Bxc3 10. bxc3 Nbc6
11. Rb1 Rb8 12. Bxb8 Qxb8 13. Nd2 O-O 14. e4 b5 15. f4 a6 16. f5 Bd7 17. f6 gxf6 18. Rxf6 Ng6 19. exd5 Nce7 20. Bf3 Nf5
21. Ne4 Qa8 22. Nc5 Qc8 23. Nxd7 Qxd7 24. Bg4 Nge7 25. Bxf5 Nxf5 26. Qg4+ Kh8 27. Qxf5
1-0

[Event "only under 2200 points (6 players)"]
[Site "SchemingMind.com"]
[Date "2017.10.19"]
[Round "-"]
[White "ray winteringham"]
[Black "Transcendent"]
[Result "0-1"]
[WhiteCountry "ENG"]
[BlackCountry "ENG"]
[WhiteElo "1483"]
[WhiteRD "52"]
[BlackElo "1638"]
[BlackRD "72"]
[GameID "419703"]

1. e4 e6 2. d4 d5 3. e5 c5 4. c3 Nc6 5. Be3 cxd4 6. cxd4 Bd7 7. Bd3 Qb6 8. b3 Rc8 9. Nf3 Bb4+ 10. Nbd2 Nge7
11. a3 Bc3 12. Rb1 Bxd4 13. Bf4 Bxf2+ 14. Kf1 Be3 15. Bg3 Ng6 16. b4 O-O 17. Nb3 f6 18. Bxg6 hxg6 19. Qe2 Bh6 20. Bf2 Qd8
21. g3 fxe5 22. Nxe5 Nxe5 23. Qxe5 Qb6 24. Nd4 Rc2 25. Kg2 Rcxf2+ 26. Kh3 Kh7 27. Rhe1 Qxd4 28. Qxd4 e5+
0-1

[Event "only under 2200 points (6 players)"]
[Site "SchemingMind.com"]
[Date "2017.10.19"]
[Round "-"]
[White "Transcendent"]
[Black "Nouveau L"]
[Result "0-1"]
[WhiteCountry "ENG"]
[BlackCountry "FRA"]
[WhiteElo "1701"]
[WhiteRD "69"]
[BlackElo "2300"]
[BlackRD "87"]
[GameID "419704"]

1. d4 Nf6 2. c4 g6 3. g3 Bg7 4. Bg2 O-O 5. Nc3 d6 6. Nf3 Nc6 7. O-O a6 8. h3 Rb8 9. e4 b5 10. e5 dxe5
11. dxe5 Nd7 12. cxb5 axb5 13. e6 fxe6 14. Ng5 Nd4 15. Be3 Nb6 16. Bxd4 Qxd4 17. Qxd4 Bxd4 18. Nxb5 Bxb2 19. Rab1 Nc4 20. Rxb2 Nxb2
21. Nxc7 Rb6 22. Re1 Nd3 23. Rd1 Nxf2 24. Rf1 h6 25. Ngxe6 Bxe6 26. Nxe6 Rxe6 27. Bd5 Nxh3+ 28. Kg2 Ng5 29. Re1 Kf7 30. Rf1+ Ke8
31. Bxe6 Rxf1
0-1

[Event "only under 2200 points (6 players)"]
[Site "SchemingMind.com"]
[Date "2017.10.19"]
[Round "-"]
[White "Nouveau L"]
[Black "Transcendent"]
[Result "1-0"]
[WhiteCountry "FRA"]
[BlackCountry "ENG"]
[WhiteElo "2300"]
[WhiteRD "87"]
[BlackElo "1701"]
[BlackRD "69"]
[GameID "419705"]

1. d4 d5 2. c4 c6 3. Nf3 Nf6 4. Nc3 dxc4 5. a4 Bf5 6. e3 e6 7. Bxc4 Bb4 8. O-O O-O 9. Qe2 Bg6 10. Ne5 Nbd7
11. Nxg6 hxg6 12. Rd1 Qe7 13. e4 Nb6 14. e5 Nfd5 15. Nxd5 Nxd5 16. Qg4 Rac8 17. g3 a5 18. h4 Qd7 19. h5 b5 20. axb5 cxb5
21. Be2 Rc2 22. Bd3 Rc7 23. hxg6 f5 24. Qh5 Re8 25. Qh7+ Kf8 26. Qh8+ Ke7 27. Bg5+ Nf6 28. Bxf6+
1-0

[Event "only under 2200 points (6 players)"]
[Site "SchemingMind.com"]
[Date "2017.10.24"]
[Round "-"]
[White "aliwood"]
[Black "Scooter"]
[Result "0-1"]
[WhiteCountry "ENG"]
[BlackCountry "USA"]
[WhiteElo "1301"]
[WhiteRD "55"]
[BlackElo "1685"]
[BlackRD "55"]
[GameID "419761"]

1. Nf3 Nf6 2. c4 g6 3. d4 Bg7 4. Nc3 O-O 5. e3 d6 6. Be2 Bg4 7. O-O Nbd7 8. b4 Bxf3 9. Bxf3 c6 10. a3 e5
11. dxe5 Nxe5 12. Be2 Re8 13. Bb2 Qc7 14. f4 Ned7 15. Rf3 Ng4 16. Rf1 Nxe3 17. Qd2 Nxf1 18. Bxf1 Qb6+ 19. Kh1 Qe3 20. Qxe3 Rxe3
21. Rc1 Rae8 22. h3 Nb6 23. Rb1 Nxc4 24. Bxc4 Bxc3 25. Bxc3 Rxc3
0-1

[Event "only under 2200 points (6 players)"]
[Site "SchemingMind.com"]
[Date "2017.10.24"]
[Round "-"]
[White "Scooter"]
[Black "aliwood"]
[Result "1-0"]
[WhiteCountry "USA"]
[BlackCountry "ENG"]
[WhiteElo "1685"]
[WhiteRD "55"]
[BlackElo "1301"]
[BlackRD "55"]
[GameID "419762"]

1. d4 d5 2. Nf3 Nf6 3. Bf4 c5 4. c3 Nc6 5. e3 e6 6. Bb5 Bd6 7. Bxd6 Qxd6 8. O-O O-O 9. Bxc6 Qxc6 10. Nbd2 cxd4
11. cxd4 b6 12. Ne5 Qb5 13. b3 Ba6 14. Rc1 Qa5 15. a4 Bxf1 16. Kxf1 Qa6+ 17. Kg1 Rac8 18. Nc6 Rce8 19. Nb4 Qb7 20. Nf3 a6
21. Ne5 Ne4 22. f3 Nd6 23. Rc6 Nf5 24. Qc2 Nxe3 25. Qd3 Nf5 26. Nxa6 Re7 27. Nb4 Rc7 28. g4 Ne7 29. Rxc7 Qxc7 30. Qb5 Qc1+
31. Kg2 Ng6 32. Nxg6
1-0

[Event "only under 2200 points (6 players)"]
[Site "SchemingMind.com"]
[Date "2017.10.24"]
[Round "-"]
[White "aliwood"]
[Black "Transcendent"]
[Result "1-0"]
[WhiteCountry "ENG"]
[BlackCountry "ENG"]
[WhiteElo "1325"]
[WhiteRD "61"]
[BlackElo "1325"]
[BlackRD "58"]
[GameID "419763"]

1. Nf3 d5 2. d4 Nf6 3. c4 c6 4. Nc3 dxc4 5. a4 Bf5 6. e3 e6 7. Bxc4 Bb4 8. O-O Nbd7 9. Bd3 Bg6 10. Bxg6 hxg6
11. Bd2 Qe7 12. Qc2 Rc8 13. Ne4 Nxe4 14. Qxe4 Bxd2 15. Nxd2 Nf6 16. Qe5 Rh5 17. Qg3 Nd5 18. Rac1 Kd7 19. h3 Rch8 20. Nc4
1-0

[Event "only under 2200 points (6 players)"]
[Site "SchemingMind.com"]
[Date "2017.10.24"]
[Round "-"]
[White "Transcendent"]
[Black "aliwood"]
[Result "0-1"]
[WhiteCountry "ENG"]
[BlackCountry "ENG"]
[WhiteElo "1325"]
[WhiteRD "58"]
[BlackElo "1325"]
[BlackRD "61"]
[GameID "419764"]

1. d4 d5 2. c4 e5 3. dxe5 d4 4. Nf3 Nc6 5. a3 Nge7 6. e3 Bg4 7. Be2 dxe3 8. Bxe3 Ng6 9. Nc3 Qxd1+ 10. Rxd1 Be7
11. Nd5 Bd8 12. O-O O-O 13. Rfe1 Ncxe5 14. Nxe5 Nxe5 15. f3 Bh5 16. Bf4 Ng6 17. Bxc7 Bxc7 18. Nxc7 Rac8 19. Nd5 Rcd8
0-1

[Event "only under 2200 points (6 players)"]
[Site "SchemingMind.com"]
[Date "2017.10.24"]
[Round "-"]
[White "aliwood"]
[Black "ray winteringham"]
[Result "0-1"]
[WhiteCountry "ENG"]
[BlackCountry "ENG"]
[WhiteElo "1301"]
[WhiteRD "55"]
[BlackElo "1443"]
[BlackRD "51"]
[GameID "419765"]

1. Nf3 d5 2. d4 Bg4 3. Ne5 Bh5 4. c4 f6 5. Nf3 Bxf3 6. cxd5 Bxd5 7. Nc3 e6 8. Nxd5 Qxd5 9. e3 Bd6 10. e4 Qc6
11. Bd3 e5 12. O-O Qd7 13. a3 a6 14. b3 c6 15. a4 Ne7 16. Qh5+ g6 17. Qf3 Qe6 18. Bc4 Qd7 19. Bb2 Rf8 20. Qe3 g5
21. Ba3 Bxa3 22. Rxa3 Qd6 23. Ra2 exd4 24. Qf3 Rh8 25. Rd2 c5 26. Re1 Nd7 27. e5 Nxe5 28. Qxb7 Rb8 29. Qa7 Ng4 30. g3 Ne5
31. Bf1 Nf3+ 32. Kh1 Nxe1 33. Bh3 Qd5+ 34. Bg2 Qxg2#
0-1

[Event "only under 2200 points (6 players)"]
[Site "SchemingMind.com"]
[Date "2017.10.24"]
[Round "-"]
[White "ray winteringham"]
[Black "aliwood"]
[Result "1-0"]
[WhiteCountry "ENG"]
[BlackCountry "ENG"]
[WhiteElo "1443"]
[WhiteRD "51"]
[BlackElo "1301"]
[BlackRD "55"]
[GameID "419766"]

1. e4 e5 2. c3 c5 3. d4 cxd4 4. cxd4 exd4 5. Qxd4 Nc6 6. Qd1 Nf6 7. Bd3 Be7 8. Nf3 O-O 9. h3 Bb4+ 10. Bd2 Bxd2+
11. Nbxd2 Nb4 12. Bc2 Qc7 13. Bb1 d5 14. a3 Nc6 15. Qc2 dxe4 16. Nxe4 Nxe4 17. Qxe4 Be6 18. Qxh7#
1-0

[Event "only under 2200 points (6 players)"]
[Site "SchemingMind.com"]
[Date "2017.10.25"]
[Round "-"]
[White "aliwood"]
[Black "Nouveau L"]
[Result "0-1"]
[WhiteCountry "ENG"]
[BlackCountry "FRA"]
[WhiteElo "1279"]
[WhiteRD "64"]
[BlackElo "2273"]
[BlackRD "88"]
[GameID "419767"]

1. Nf3 Nf6 2. c4 g6 3. d4 Bg7 4. Nc3 O-O 5. e4 d6 6. Be2 e5 7. O-O Nc6 8. d5 Ne7 9. b4 Nh5 10. Bd3 Nf4
11. Bc2 Bg4 12. h3 Bh5 13. Bxf4 exf4 14. Qd2 Bxf3 15. gxf3 Nc8 16. Rac1 Nb6 17. Bb3 Qh4 18. Ne2 Qxh3 19. Nxf4 Qxf3
0-1

[Event "only under 2200 points (6 players)"]
[Site "SchemingMind.com"]
[Date "2017.10.24"]
[Round "-"]
[White "Nouveau L"]
[Black "aliwood"]
[Result "0-1"]
[WhiteCountry "FRA"]
[BlackCountry "ENG"]
[WhiteElo "1971"]
[WhiteRD "82"]
[BlackElo "1325"]
[BlackRD "61"]
[GameID "419768"]

1. d4 d5 2. c4 c6 3. Nf3 Nf6 4. Nc3 e6 5. e3 Nbd7 6. Qc2 Be7 7. b3 O-O 8. Bd3 g6 9. O-O Re8 10. Re1 Bf8
11. Bb2 Bg7 12. Ne5 Nxe5 13. dxe5 Nd7 14. f4 a6 15. Rac1 Nf8 16. Be2 b5 17. Nd1 Bd7 18. Nf2 Qc7
0-1

[Event "only under 2200 points (6 players)"]
[Site "SchemingMind.com"]
[Date "2017.10.27"]
[Round "-"]
[White "Scooter"]
[Black "John Hamer"]
[Result "1/2-1/2"]
[WhiteCountry "USA"]
[BlackCountry "ENG"]
[WhiteElo "1688"]
[WhiteRD "56"]
[BlackElo "1995"]
[BlackRD "69"]
[GameID "419968"]

1. d4 Nf6 2. Nf3 d5 3. c4 e6 4. Bg5 Be7 5. Nc3 O-O 6. cxd5 exd5 7. e3 c6 8. Be2 Bf5 9. O-O Nbd7 10. a3 Re8
11. Bd3 Ne4 12. Bxe7 Qxe7 13. Bxe4 dxe4 14. Nd2 Nf6 15. h3 Rad8 16. b4 Qe6 17. Qb3 Nd5 18. Nxd5 cxd5 19. Rac1 Qg6 20. Kh1 Qh6
21. Kh2 Qd6+ 22. Kh1 Qd7 23. Kh2 Qd6+ 24. Kh1 Be6 25. Qa2 Rc8 26. Nb3 b6 27. Rxc8 Rxc8 28. Rc1 Rb8 29. Qc2 Qd7 30. Qc7 Rb7
31. Qxd7 Bxd7=
1/2-1/2

[Event "only under 2200 points (6 players)"]
[Site "SchemingMind.com"]
[Date "2017.10.27"]
[Round "-"]
[White "John Hamer"]
[Black "Scooter"]
[Result "1-0"]
[WhiteCountry "ENG"]
[BlackCountry "USA"]
[WhiteElo "1995"]
[WhiteRD "69"]
[BlackElo "1688"]
[BlackRD "56"]
[GameID "419969"]

1. e4 c6 2. Nc3 d5 3. d4 dxe4 4. Nxe4 Bf5 5. Ng3 Bg6 6. Nf3 Nd7 7. Bc4 Ngf6 8. O-O Qc7 9. Re1 e6 10. c3 Bd6
11. Qe2 O-O-O 12. Ne5 Bxe5 13. dxe5 Nd5 14. Bg5 Rde8 15. Rad1 h6 16. Bh4 N7b6 17. Rd4 Nxc4 18. Qxc4 Nb6 19. Qb3 Nd7 20. f4 f6
21. Red1 Nc5 22. Qa3 b6 23. exf6 gxf6 24. b4 e5 25. fxe5 fxe5 26. Rd6 Bc2 27. R1d2 Ne4 28. Qa6+ Qb7 29. Qxb7+ Kxb7 30. Rd7+ Kc8
31. Rxc2 Kxd7 32. Nxe4 Ke6 33. g3 Rhf8 34. Rd2 Rf3 35. Rd6+ Kf5 36. Nf6 Re6 37. g4+
1-0

[Event "only under 2200 points (6 players)"]
[Site "SchemingMind.com"]
[Date "2017.10.28"]
[Round "-"]
[White "Transcendent"]
[Black "John Hamer"]
[Result "0-1"]
[WhiteCountry "ENG"]
[BlackCountry "ENG"]
[WhiteElo "1674"]
[WhiteRD "72"]
[BlackElo "1996"]
[BlackRD "65"]
[GameID "419970"]

1. d4 Nf6 2. c4 d5 3. cxd5 Nxd5 4. Nf3 Bf5 5. Nbd2 Nf6 6. Qb3 Qc8 7. g3 Be6 8. Qd3 Nc6 9. Bg2 Qd7 10. e4 Nb4
11. Qb1 O-O-O 12. a3 Na6 13. h3 c6 14. b4 g6 15. Qc2 Nc7 16. Bb2 Kb8 17. Ng5 Bh6 18. Nxe6 Nxe6 19. d5 cxd5 20. Bxf6 exf6
21. exd5 Nd4 22. Qc5 Bxd2+
0-1

[Event "only under 2200 points (6 players)"]
[Site "SchemingMind.com"]
[Date "2017.10.28"]
[Round "-"]
[White "John Hamer"]
[Black "Transcendent"]
[Result "1/2-1/2"]
[WhiteCountry "ENG"]
[BlackCountry "ENG"]
[WhiteElo "1996"]
[WhiteRD "65"]
[BlackElo "1674"]
[BlackRD "72"]
[GameID "419971"]

1. d4 d5 2. Nf3 Nf6 3. c4 c6 4. e3 Bf5 5. Nc3 e6 6. Nh4 Bg6 7. Be2 dxc4 8. Nxg6 hxg6 9. Bxc4 Qc7 10. g3 Nbd7
11. O-O Be7 12. Bd2 Bb4 13. Re1 Bxc3 14. Bxc3 Ne4 15. Qc2 Ndf6 16. Bb4 a5 17. Ba3 Rc8 18. Rec1 Ng5 19. Kg2 Ng4 20. h4 Nh7
21. e4 Nhf6 22. e5 Nd5 23. Qe2 Nh6 24. Bd6 Qd7 25. Qc2 Nf5 26. Bxd5 exd5 27. Bc5 b5 28. Rh1 Qe6 29. Rac1=
1/2-1/2

[Event "only under 2200 points (6 players)"]
[Site "SchemingMind.com"]
[Date "2017.10.27"]
[Round "-"]
[White "John Hamer"]
[Black "ray winteringham"]
[Result "1-0"]
[WhiteCountry "ENG"]
[BlackCountry "ENG"]
[WhiteElo "1995"]
[WhiteRD "69"]
[BlackElo "1483"]
[BlackRD "52"]
[GameID "419972"]

1. c4 g6 2. Nf3 Bg7 3. d4 d5 4. e3 Nf6 5. Nc3 c6 6. Bd3 Bg4 7. h3 Bxf3 8. Qxf3 e6 9. O-O Nbd7 10. cxd5 exd5
11. e4 O-O 12. Bg5 Qc7 13. e5 Ne8 14. Rfc1 Qb8 15. Be7 Bxe5 16. dxe5 Nxe5 17. Qe3 Ng7 18. Bxf8 Kxf8 19. Bc2 Nc4 20. Qc5+ Kg8
21. b3 Ne6 22. Qe7 Nd6 23. Re1 Kg7 24. Rxe6
1-0

[Event "only under 2200 points (6 players)"]
[Site "SchemingMind.com"]
[Date "2017.10.28"]
[Round "-"]
[White "ray winteringham"]
[Black "John Hamer"]
[Result "0-1"]
[WhiteCountry "ENG"]
[BlackCountry "ENG"]
[WhiteElo "1483"]
[WhiteRD "52"]
[BlackElo "1995"]
[BlackRD "69"]
[GameID "419973"]

1. e4 e5 2. Nf3 Nc6 3. Bb5 Nf6 4. d3 Bc5 5. Be3 Qe7 6. Nc3 O-O 7. Bxc6 bxc6 8. Qd2 Bxe3 9. Qxe3 Re8 10. h3 Rb8
11. b3 c5 12. O-O d6 13. Ne2 Bd7 14. c4 Nh5 15. g4 Nf6 16. Nh2 h5 17. f3 Be6 18. Ng3 g6 19. g5 Nh7 20. h4 f6
21. f4 exf4 22. gxf6 Qxf6 23. Qxf4 Qd4+ 24. Kh1 Qxd3 25. Rf3 Qd4 26. Qh6 Qxa1+ 27. Rf1 Qg7 28. Qe3 Qb2 29. Rf2 Qa1+ 30. Kg2 Rf8
31. Re2 Qf6 32. Nf3 Bg4 33. e5 Bxf3+
0-1

[Event "only under 2200 points (6 players)"]
[Site "SchemingMind.com"]
[Date "2017.10.27"]
[Round "-"]
[White "John Hamer"]
[Black "Nouveau L"]
[Result "0-1"]
[WhiteCountry "ENG"]
[BlackCountry "FRA"]
[WhiteElo "1996"]
[WhiteRD "65"]
[BlackElo "2254"]
[BlackRD "88"]
[GameID "419974"]

1. d4 Nf6 2. c4 g6 3. Nc3 Bg7 4. e4 d6 5. Nf3 O-O 6. Bd3 e5 7. d5 a5 8. a4 Na6 9. O-O Nd7 10. Be3 Ndc5
11. Bc2 Bg4 12. h3 Bd7 13. b3 f5 14. Bg5 Bf6 15. Be3 Kh8 16. Qe2 f4 17. Bc1 h5 18. Ba3 g5 19. Nh2 g4 20. hxg4 hxg4
21. Nxg4 Nb4 22. Bxb4 axb4 23. Nb5 Rf7 24. Rad1 Qe7 25. f3 Bh4 26. Nxc7 Bg3 27. Qd2 Bxg4 28. Nxa8 Qh4 29. Rf2 Bxf3 30. gxf3= Rg7
31. Rg2 Rh7
0-1

[Event "only under 2200 points (6 players)"]
[Site "SchemingMind.com"]
[Date "2017.10.27"]
[Round "-"]
[White "Nouveau L"]
[Black "John Hamer"]
[Result "1-0"]
[WhiteCountry "FRA"]
[BlackCountry "ENG"]
[WhiteElo "2254"]
[WhiteRD "88"]
[BlackElo "1996"]
[BlackRD "65"]
[GameID "419975"]

1. d4 Nf6 2. c4 e6 3. Nc3 d5 4. Nf3 Be7 5. Bf4 O-O 6. e3 c6 7. Qc2 Nbd7 8. h3 Re8 9. Bd3 dxc4 10. Bxc4 b5
11. Bd3 Bb7 12. O-O Rc8 13. Ne5 b4 14. Ne4 Nxe4 15. Bxe4 Nf6 16. Bxc6 Nd5 17. Rac1 Nxf4 18. exf4 Qxd4 19. Qa4 Bxc6 20. Nxc6 Qd7
21. Rfd1 Bd6 22. Qa6 Qc7 23. Nxa7 Qxc1 24. Qxd6 Qc2 25. Nxc8 Qxc8 26. Qxb4 Qc2 27. Ra1 Rd8 28. a4 Ra8 29. a5 Qc7 30. a6 Rb8
31. Qd4 Ra8 32. b4 Rd8 33. Qe5 Qa7 34. Qe3 Qa8 35. b5 Rd5 36. b6 Qc6 37. b7 Rd8 38. Qb3 Re8 39. b8=Q
1-0